000 01401cad a22002415a 4500
001 L159013
008 131031s2015 xxk f f 001 0 eng d
035 _a(Sirsi) u159013
041 0 _aeng
050 0 4 _218
110 2 _aRoyal Institution of Chartered Surveyors
_94900
245 0 0 _aRICS Building Surveying Professional Group Board
_bBusiness plan 2016-2019
_h[electronic resource]
260 _aLondon
_bRICS
_c2015
300 _a10 p.
490 0 _aRICS Building Surveying Professional Group
505 2 _aIntroduction -- UK building surveying professional group board vision for the next free years -- business plan delivery 2016 - 2019 -- Principle objectives 2016 - 2019 -- Strategic risk analysis -- Executive conclusion
520 _aIncorporates the key drivers which forms the RICS focus and vision, which is ?to be recognised in the key worldwide markets as the body that promotes and enforces professional standards and offers access to the most sought-after professional status?. In addition, the Board?s business plan focuses on key issues which matter to its members and their own regional markets, which are predominantly UK.
650 2 4 _aABOUT RICS
651 4 _aUnited Kingdom
690 _aBuilding surveying
_96225
856 4 1 _uhttps://www.rics.org/Documents/BS%20Business%20Plan%20-%20Final%20Draft.pdf
_zView this item free of charge at www.rics.org
942 _n0
999 _c115628
_d115628